000 00374 a2200145 4500
999 _c5624
_d5624
020 _a0798003928
050 _aPL8771 MPH 1974
100 _aMphaphuli, N.M
245 _aNwana wa mme anga
_cNkhelebeni M. Mphaphuli
264 _aCape Town:
_bEducum Publishers,
_c1974
300 _a81p. :
500 _aIn Venda
650 _aFiction
_xVenda
942 _2lcc
_cBK
_h8771
_iMPH
_kPL